Riconosci il Pokémon - Quiz n°626 - Statistics

Statistiche generali
  • Questo quiz è stato fatto 0 volte
  • Il punteggio medio è 0 su 10
Statistiche sulle risposte
Indizio Riposta % Corretto
Altezza 0,4 m
0%
Peso 1,2 kg
0%
Tasso di cattura 255 (43.9%)
0%
Sesso 50% ♂, 50% ♀
0%
Abilità Alternacura; Antimeteo
0%
Stadio evoluzione Forma Base
0%
Tasso di allevamento Irregolare
0%
Tipo Normale / Volante
0%
Pokémon Swablu
0%
Generazione Terza
0%
Nessun quiz corrispondente trovato
Distribuzione punteggi
Percentuale di utenti per punteggio
Percentile per numero di risposta
I tuoi punteggi nel tempo
Non hai fatto questo quiz